|
|
|
|
| LEADER |
00836pam a22002058a 4500 |
| 001 |
00000534 |
| 005 |
20171026081022.0 |
| 008 |
110322s1978 ||||||Viesd |
| 041 |
0 |
# |
|a Vie
|
| 082 |
1 |
# |
|a 324.259 707 51
|b L302S
|
| 110 |
|
|
|a Vụ biên soạn tuyên huấn trung ương
|
| 245 |
0 |
0 |
|a Lịch sử Đảng cộng sản Việt Nam
|c Vụ biên soạn ban tuyên huấn trung ương
|n Tập I
|p 1930 - 1945
|
| 260 |
# |
# |
|a H.
|b Sáh khoa giáo Mác Lênin
|c 1978
|
| 300 |
# |
# |
|a 493 tr.
|c 19 cm.
|
| 650 |
# |
7 |
|2 Lịch sử Đảng cộng sản Việt Nam
|
| 653 |
# |
# |
|a Lịch sử
|a Đảng cộng sản Việt Nam
|a Văn kiện
|
| 852 |
# |
# |
|b Kho đọc
|j KD.0000375
|
| 852 |
# |
# |
|j KD.0000375
|
| 910 |
|
|
|d 22/03/2011
|
| 980 |
# |
# |
|a Trung tâm Học liệu Lê Vũ Hùng, Trường Đại học Đồng Tháp
|